000 01089nmm a2200349 a 4500
003 AR-BaBNM
005 20251128203833.0
008 197019s1953 ||||||||||||||000 | spa||
040 _cAR-BaBNM
100 1 _aDíez Abella, Zoraida
245 1 0 _aNociones de ortofonía
_bcurso teórico-práctico sobre las perturbaciones de la palabra y su corrección : para uso de estudiantes, maestros y padres
260 _aMontevideo
_bFlorensa & Lafon
_c1953
300 0 _a402 p.
_bil., láms., diagr.
500 0 _aContiene índice de ilustraciones
500 0 _aContiene apéndice
504 _aBibliografía: p. 386-388
650 4 _aTRASTORNOS DEL HABLA
650 4 _aFONACION
650 4 _aFONETICA
650 4 _aORTOFONIA
650 4 _aLENGUAJE DEL NINO
650 4 _aDESARROLLO DEL LENGUAJE
650 4 _aPSICOLINGUISTICA
650 4 _aEDUCACION ESPECIAL
650 4 _aSERVICIOS DE ORIENTACION
650 4 _aENFERMEDADES DEL SISTEMA NERVIOSO
653 0 _aTRASTORNOS DEL LENGUAJE
653 0 _aREEDUCACION
653 0 _aTARTAMUDEZ
942 _cBK
998 _cSILVI
999 _c5112
_d5112